Φορτώνει......
DIRECTORIAL CLIMATE AND PROFESSIONAL COMMITMENT: A STUDY OF SELF- FINANCING COLLEGE TEACHERS IN KERALA
One of the dominant problems facing by almost all organizations presently is how to motivate their employees for the better productivity and accelerating prosperity through a constant level of work satisfaction. The purpose of this study is to identify the relationship between college working cultur...
| Κύριος συγγραφέας: | |
|---|---|
| Μορφή: | Printed Book |
| Έκδοση: |
JASC: Journal of Applied Science and Computations
2018
|
| Θέματα: | |
| Διαθέσιμο Online: | http://10.26.1.76/ks/007636.pdf |
| LEADER | 01732nam a2200145 4500 | ||
|---|---|---|---|
| 999 | |c 161385 |d 161381 | ||
| 100 | |a THOMAS SEBASTIAN AND GIREESH KUMAR G.S |9 89615 | ||
| 245 | |a DIRECTORIAL CLIMATE AND PROFESSIONAL COMMITMENT: A STUDY OF SELF- FINANCING COLLEGE TEACHERS IN KERALA | ||
| 260 | |b JASC: Journal of Applied Science and Computations |c 2018 | ||
| 300 | |b Volume 5, Issue 11, November/2018 | ||
| 520 | |a One of the dominant problems facing by almost all organizations presently is how to motivate their employees for the better productivity and accelerating prosperity through a constant level of work satisfaction. The purpose of this study is to identify the relationship between college working culture and organizational commitment. The study focused on twenty self-financing colleges in Kerala. 115 teachers were randomly selected to be the respondents where they were asked to complete the questionnaire to test the collegiate culture while Organizational Commitment (OC) (Meyer &Allen, 1990) to examine teachers ‘commitment. The factors which are apparent on the overdue of job satisfaction can be differentiated in to two categories: Professional commitment and environmental factors. To test the college working culture and organizational commitment, statistical methods, descriptive and inferential statistics were used. This paper aims on all of these dimensions and trying to discover the association between these factors with employee job satisfaction among self-financing college teachers. | ||
| 650 | |a COLLEGE WORKING CULTURE; |a ORGANISATIONAL COMMITMENT; |a JOB SATISFACTION |9 89616 | ||
| 856 | |u http://10.26.1.76/ks/007636.pdf | ||
| 942 | |c KS | ||
| 952 | |0 0 |1 0 |4 0 |7 0 |9 159854 |a MGUL |b MGUL |d 2019-02-16 |l 0 |r 2019-02-16 |w 2019-02-16 |y KS | ||